LEADER 02709nam 2200673Ia 450 001 9910452096303321 005 20200520144314.0 010 $a0-19-802000-7 010 $a1-280-52299-2 010 $a9786610522996 010 $a1-4294-0145-1 035 $a(CKB)1000000000465664 035 $a(EBL)271046 035 $a(OCoLC)476006296 035 $a(SSID)ssj0000289637 035 $a(PQKBManifestationID)12070955 035 $a(PQKBTitleCode)TC0000289637 035 $a(PQKBWorkID)10401437 035 $a(PQKB)10385290 035 $a(SSID)ssj0000108940 035 $a(PQKBManifestationID)11129577 035 $a(PQKBTitleCode)TC0000108940 035 $a(PQKBWorkID)10044135 035 $a(PQKB)10759789 035 $a(MiAaPQ)EBC271046 035 $a(Au-PeEL)EBL271046 035 $a(CaPaEBR)ebr10142045 035 $a(CaONFJC)MIL52299 035 $a(OCoLC)466424142 035 $a(EXLCZ)991000000000465664 100 $a19940926d1960 uy 0 101 0 $aeng 135 $aur|n|---||||| 181 $ctxt 182 $cc 183 $acr 200 10$aBaseball$b[electronic resource] $ethe early years /$fby Harold Seymour 210 $aNew York $cOxford University Press$d1960 215 $a1 online resource (394 p.) 300 $aDescription based upon print version of record. 311 $a0-19-505912-3 311 $a0-19-500100-1 320 $aIncludes bibliographical references and index. 327 $aCONTENTS; PART ONE - THE AMATEUR ERA; PART TWO - BASEBALL BECOMES A BUSINESS; PART THREE - ORGANIZED BASEBALL; PART FOUR - MONOPOLY AT ITS APEX; BIBLIOGRAPHICAL NOTE; INDEX 330 $aThese two critically-acclaimed volumes mark the beginning of a monumental multi-volume study of baseball by the man whom Sports Illustrated has called ""the Edward Gibbon of baseball history."" Now available in paperback, Harold Seymour's The Early Years and The Golden Age together recount the true story of how baseball came into being and how it developed into a highly organized business and social institution. The first volume, The Early Years , traces the growth of baseball from the time of the first recorded ball game at Valley Forge during the revolution until the formation of the two pre 606 $aBaseball$zUnited States$xHistory 606 $aBall games$zUnited States$xHistory 608 $aElectronic books. 615 0$aBaseball$xHistory. 615 0$aBall games$xHistory. 676 $a796.357 700 $aSeymour$b Harold$f1910-1992.$0877620 801 0$bMiAaPQ 801 1$bMiAaPQ 801 2$bMiAaPQ 906 $aBOOK 912 $a9910452096303321 996 $aBaseball$91959678 997 $aUNINA LEADER 01773oam 2200493M 450 001 9910716245303321 005 20200213070514.2 035 $a(CKB)5470000002519673 035 $a(OCoLC)1065790333 035 $a(OCoLC)995470000002519673 035 $a(EXLCZ)995470000002519673 100 $a20071213d1926 ua 0 101 0 $aeng 135 $aurcn||||||||| 181 $ctxt$2rdacontent 182 $cc$2rdamedia 183 $acr$2rdacarrier 200 10$aAmend and consolidate copyright acts. May 6, 1926. -- Referred to the House Calendar and ordered to be printed 210 1$a[Washington, D.C.] :$c[U.S. Government Printing Office],$d1926. 215 $a1 online resource (2 pages) 225 1 $aHouse report / 69th Congress, 1st session. House ;$vno. 1100 225 1 $a[United States congressional serial set ] ;$v[serial no. 8534] 300 $aBatch processed record: Metadata reviewed, not verified. Some fields updated by batch processes. 300 $aFDLP item number not assigned. 606 $aBooks and reading 606 $aCopyright 606 $aLegislative amendments 606 $aPeriodicals 606 $aPublishers and publishing 608 $aLegislative materials.$2lcgft 615 0$aBooks and reading. 615 0$aCopyright. 615 0$aLegislative amendments. 615 0$aPeriodicals. 615 0$aPublishers and publishing. 701 $aVestal$b Albert H$g(Albert Henry),$f1875-1932$pRepublican (IN)$01387992 801 0$bWYU 801 1$bWYU 801 2$bOCLCO 801 2$bOCLCQ 906 $aBOOK 912 $a9910716245303321 996 $aAmend and consolidate copyright acts. May 6, 1926. -- Referred to the House Calendar and ordered to be printed$93439016 997 $aUNINA